Soil engineering (Record no. 76631)
[ view plain ]
| 000 -LEADER | |
|---|---|
| fixed length control field | 00893nam a2200193 a 4500 |
| 008 - FIXED-LENGTH DATA ELEMENTS--GENERAL INFORMATION | |
| fixed length control field | 120416s1997 ||||||||||||||||| || u |
| 020 ## - INTERNATIONAL STANDARD BOOK NUMBER | |
| International Standard Book Number | 007463321X |
| 050 ## - LIBRARY OF CONGRESS CALL NUMBER | |
| Classification number | TA 710 Raj |
| 100 ## - MAIN ENTRY--PERSONAL NAME | |
| Personal name | Raj, P. Purushothama |
| 245 10 - TITLE STATEMENT | |
| Title | Soil engineering |
| 246 ## - | |
| -- | through objective questions |
| 260 ## - PUBLICATION, DISTRIBUTION, ETC. | |
| Place of publication, distribution, etc. | New Delhi |
| Name of publisher, distributor, etc. | Tata McGraw-Hill |
| Date of publication, distribution, etc. | 1997 |
| 350 ## - | |
| -- | 0.00 |
| 650 ## - SUBJECT ADDED ENTRY--TOPICAL TERM | |
| Topical term or geographic name entry element | ENGINEERING |
| 650 ## - SUBJECT ADDED ENTRY--TOPICAL TERM | |
| Topical term or geographic name entry element | SOIL ENGINEERING |
| 995 ## - | |
| -- | ANNEX COLLECTION (Main Library) |
| -- | 0.00 |
| -- | 732955 |
| -- | CBU-MAIN LIBRARY (Kitwe) |
| -- | 3 |
| -- | 15.00 |
| -- | TA 710 Raj |
| -- | 3 |
| -- | AVAILABLE |
| -- | 029757 |
| -- | Annex Low-Usage Collection |
| 995 ## - | |
| -- | MAIN LIBRARY OPEN ACCESS |
| -- | 0.00 |
| -- | 732956 |
| -- | CBU-MAIN LIBRARY (Kitwe) |
| -- | 1 |
| -- | 15.00 |
| -- | TA 710 Raj |
| -- | 1 |
| -- | AVAILABLE |
| -- | 029758 |
| -- | Main Library Open Access Collection |
| 995 ## - | |
| -- | MAIN LIBRARY OPEN ACCESS |
| -- | 0.00 |
| -- | 732957 |
| -- | CBU-MAIN LIBRARY (Kitwe) |
| -- | 2 |
| -- | 15.00 |
| -- | TA 710 Raj |
| -- | 2 |
| -- | AVAILABLE |
| -- | 029759 |
| -- | Main Library Open Access Collection |
| 999 ## - | |
| -- | 76631 |
| -- | 76631 |
| Withdrawn status | Lost status | Source of classification or shelving scheme | Damaged status | Not for loan | Permanent Location | Current Location | Shelving location | Date acquired | Total Checkouts | Full call number | Barcode | Date last seen | Copy number | Price effective from | Koha item type |
|---|---|---|---|---|---|---|---|---|---|---|---|---|---|---|---|
| CBU-MAIN LIBRARY, KITWE. | CBU-MAIN LIBRARY, KITWE. | 04/25/2023 | TA 710 Raj | 029757 | 04/25/2023 | 1 | 04/25/2023 | MONOGRAPH | |||||||
| CBU-MAIN LIBRARY, KITWE. | CBU-MAIN LIBRARY, KITWE. | 04/25/2023 | TA 710 Raj | 029758 | 04/25/2023 | 2 | 04/25/2023 | MONOGRAPH | |||||||
| CBU-MAIN LIBRARY, KITWE. | CBU-MAIN LIBRARY, KITWE. | 04/25/2023 | TA 710 Raj | 029759 | 04/25/2023 | 3 | 04/25/2023 | MONOGRAPH |